000 00538nam a2200217Ia 4500
003 OSt
005 20221005122650.0
006 a|||||r|||| 00| 0
007 ta
008 221004b |||||||| |||| 00| 0 guj d
024 _a46070
037 _cTextual
040 _aCRL
_cCRL
_bguj
041 _2guj
_aguj
082 _aP33, 33K8
100 _aDharawadkara
_9632408
245 0 _aKannad bhasha shastra
650 _aKANNAD LITERATURE
942 _hP33, 33K8
_cTEXL
_2cc
999 _c1045016
_d1045016